[Event "GER-ch U12"]
[Site "Willingen"]
[Date "2006.06.09"]
[Round "9"]
[White "Hueglin, Larissa"]
[Black "Vetter, Henrike"]
[Result "0-1"]
[WhiteElo "793"]
[BlackElo "836"]
[PlyCount "74"]
[EventDate "2006.06.03"]
[EventType "swiss"]
[EventRounds "11"]
[EventCountry "GER"]
[SourceTitle "EXT 2007"]
[Source "ChessBase"]
[SourceDate "2006.11.23"]
[SourceVersion "1"]
[SourceVersionDate "2006.11.23"]
[SourceQuality "1"]

1. e4 e6 2. d4 d5 3. exd5 exd5 4. Bd3 Nc6 5. Ne2 Nf6 6. Bf4 Bd6 7. Qd2 0-0 8. Nbc3 Bb4 9. 0-0-0 Be6 10. f3 a6 11. g4 Re8 12. Ng3 Nd7 13. h4 g6 14. Bh6 Nxd4 15. Qf4 Qf6 16. Qe3 Qe5 17. Qxe5 Nxe5 18. Nge2 Ndxf3 19. h5 Nxg4 20. Rdf1 Nxh6 21. Rxf3 gxh5 22. Rxh5 Bg4 23. Rg5+ Kf8 24. Rf4 Bxe2 25. Nxe2 Bd6 26. Rf3 Be7 27. Rh5 Bf6 28. Bxh7 Rxe2 29. Bd3 Re5 30. Rh2 Ng4 31. Rg2 Ne3 32. Rh2 Rae8 33. Kd2 Bg5 34. Rh8+ Kg7 35. Rh7+ Kg8 36. Rh1 Nc4+ 37. Kd1 Nxb2# 0-1

[Event "GER-ch U12"]
[Site "Willingen"]
[Date "2006.06.07"]
[Round "7"]
[White "Rosenfeld, Elisabeth"]
[Black "Vetter, Henrike"]
[Result "1/2-1/2"]
[WhiteElo "1271"]
[BlackElo "836"]
[PlyCount "129"]
[EventDate "2006.06.03"]
[EventType "swiss"]
[EventRounds "11"]
[EventCountry "GER"]
[SourceTitle "EXT 2007"]
[Source "ChessBase"]
[SourceDate "2006.11.23"]
[SourceVersion "1"]
[SourceVersionDate "2006.11.23"]
[SourceQuality "1"]

1. e4 e6 2. Nf3 d5 3. exd5 exd5 4. d4 Nc6 5. Bb5 Bd7 6. 0-0 a6 7. Ba4 b5 8. Bb3 Nf6 9. Re1+ Be7 10. Nc3 0-0 11. Nxd5 Nxd5 12. Bxd5 Rb8 13. Bf4 Nb4 14. Bb3 Bg4 15. c3 Nc6 16. h3 Bh5 17. Qd3 Bd6 18. Ng5 Bg6 19. Qf3 Na5 20. Bxd6 cxd6 21. Ne4 Re8 22. Bd5 Kh8 23. Re2 f5 24. Ng3 Qg5 25. Rae1 f4 26. Ne4 Qxd5 27. Qxf4 Bxe4 28. Rxe4 Rxe4 29. Rxe4 Qxa2 30. Qxd6 Ra8 31. Kh2 Qxb2 32. Qxa6 Rf8 33. Rf4 Qa3 34. Qxa5 Qd6 35. g3 Rxf4 36. gxf4 Qxf4+ 37. Kg2 Qg5+ 38. Kf3 Qf5+ 39. Ke3 Qxh3+ 40. Kd2 Qh6+ 41. Kc2 Qg6+ 42. Kb3 h5 43. Qxb5 h4 44. Qb8+ Kh7 45. Qe5 h3 46. d5 Qb1+ 47. Kc4 Qf1+ 48. Kb4 Qb1+ 49. Kc5 Qf1 50. Qd4 Kg6 51. d6 h2 52. Qe4+ Kf6 53. Qh4+ Ke6 54. Qxh2 Qd3 55. c4 Qa3+ 56. Kd4 Qa1+ 57. Ke4 Qe1+ 58. Kf3 Qc3+ 59. Kg2 Qxc4 60. Qg3 Qd5+ 61. Kh2 Qxd6 62. Qxd6+ Kxd6 63. Kg3 Ke6 64. Kg4 Kf6 65. Kf4 1/2-1/2

[Event "GER-ch U12"]
[Site "Willingen"]
[Date "2006.06.06"]
[Round "6"]
[White "Vetter, Henrike"]
[Black "Krtschil, Anna"]
[Result "1-0"]
[WhiteElo "836"]
[BlackElo "1077"]
[PlyCount "155"]
[EventDate "2006.06.03"]
[EventType "swiss"]
[EventRounds "11"]
[EventCountry "GER"]
[SourceTitle "EXT 2007"]
[Source "ChessBase"]
[SourceDate "2006.11.23"]
[SourceVersion "1"]
[SourceVersionDate "2006.11.23"]
[SourceQuality "1"]

1. e4 c5 2. Nf3 Nc6 3. d4 cxd4 4. Nxd4 g6 5. Be3 Bg7 6. Nc3 Nf6 7. Bc4 Qa5 8. 0-0 0-0 9. f4 Qb4 10. Bb3 Nxe4 11. Nxe4 Bxd4 12. Bxd4 Qxd4+ 13. Qxd4 Nxd4 14. Ba4 b5 15. c3 bxa4 16. cxd4 d6 17. Nc3 Bd7 18. a3 Rfe8 19. Nd5 Rac8 20. Rfe1 Kf8 21. Nc3 e6 22. Rad1 Kg7 23. g4 Rb8 24. Rd2 Rb3 25. Ne4 d5 26. Nc5 Rf3 27. Nxd7 Rxf4 28. h3 h6 29. Nc5 Kf6 30. Rf2 g5 31. Nxa4 e5 32. Nc5 Re7 33. dxe5+ Kg6 34. e6 Kg7 35. Rxf4 gxf4 36. Kf2 Kg6 37. Kf3 Kg5 38. Re5+ Kg6 39. Rxd5 fxe6 40. Re5 Kf6 41. Kxf4 Kf7 42. h4 a5 43. b4 axb4 44. axb4 Re8 45. b5 Rb8 46. Nxe6 Kf6 47. Nc5 Kf7 48. Nd7 Rb7 49. Nf6 Kxf6 50. g5+ hxg5+ 51. hxg5+ Kg6 52. Re6+ Kf7 53. Rf6+ Kg7 54. b6 Rd7 55. Ke5 Rb7 56. Rc6 Re7+ 57. Kd6 Re1 58. Kc7 Re7+ 59. Kd8 Kf8 60. Rf6+ Rf7 61. Rxf7+ Kxf7 62. b7 Kg6 63. b8Q Kxg5 64. Qd6 Kf5 65. Qe7 Kf4 66. Qe6 Kf3 67. Qe5 Kg4 68. Qf6 Kg3 69. Qf5 Kh4 70. Qg6 Kh3 71. Qg5 Kh2 72. Qg4 Kh1 73. Ke7 Kh2 74. Kf6 Kh1 75. Kf5 Kh2 76. Kf4 Kh1 77. Kf3 Kh2 78. Qg2# 1-0